Hodnotenie vplyvu dlhodobej prevádzky na zmeny mikroštruktúry vybraných komponentov jadrových elektrární

Guardado en:
Detalles Bibliográficos
Autor principal: Blažek, Martin (Autor)
Otros Autores: Dománková, Mária (Orientador)
Formato: Manuscrito Libro
Lenguaje:eslovaco
Publicado: 2021
Materias:
Acceso en línea:http://is.stuba.sk/zp/portal_zp.pl?podrobnosti=157967
Etiquetas: Agregar Etiqueta
Sin Etiquetas, Sea el primero en etiquetar este registro!

MARC

LEADER 00000ntm a22000003a 4500
001 stuzp84703
003 SK-STU
005 20210612213432.3
007 ta
008 150427s2015----xo-----f-mn---000-0-slo-d
040 |a STU  |b slo 
041 0 |a slo 
100 1 |a Blažek, Martin  |u 061000  |k Z4  |4 aut  |U MTF Materiálovotechnologická fakulta  |T MTF Ústav materiálov  |X 85556  |U M1000  |Y 81  |7 85556 
242 0 1 |a Evaluation of the impact of long-term operation on changes in the microstructure of selected components of nuclear power plants  |y eng 
245 1 0 |a Hodnotenie vplyvu dlhodobej prevádzky na zmeny mikroštruktúry vybraných komponentov jadrových elektrární 
260 |c 2021 
650 4 |a precipitácia  |2 slo 
650 4 |a parogenerátor  |2 slo 
650 4 |a jadrová elektráreň  |2 slo 
650 4 |a difrakčná analýza  |2 slo 
650 4 |a transmisná elektrónová mikroskopia  |2 slo 
650 4 |a transmission electron microscopy  |2 eng 
650 4 |a diffraction analysis  |2 eng 
650 4 |a precipitation  |2 eng 
650 4 |a steam generator  |2 eng 
650 4 |a nuclear powerplant  |2 eng 
700 1 |a Dománková, Mária  |u 061000  |k Z1  |4 ths  |U MTF Materiálovotechnologická fakulta  |T MTF Ústav materiálov  |X 251  |U M1000  |Y 81  |7 A000000251 
856 4 |u http://is.stuba.sk/zp/portal_zp.pl?podrobnosti=157967 
996 |c M* DP-14498  |l MMSKP  |s P  |a 0  |w stuzp84703_0001